15 najbardziej dotkniętych krajów Covid-19 - 13 kwi 2021 - Statystyki

Ogólne statystyki
  • Ten quiz został rozwiązany 66 razy
  • Średni wynik to 13 z 28
Statystyki odpowiedzi
kraj % Poprawnych
Polska
97%
Stany Zjednoczone
90%
Rosja
88%
Niemcy
78%
Włochy
78%
Francja
76%
Hiszpania
73%
Wielka Brytania
71%
Brazylia
66%
Indie
66%
Czechy
59%
Meksyk
54%
Argentyna
53%
Portugalia
53%
Szwecja
46%
Turcja
41%
Holandia
37%
Belgia
36%
Kolumbia
25%
Węgry
24%
Iran
22%
Litwa
20%
Izrael
19%
Estonia
17%
Słowenia
12%
Serbia
10%
Bahrajn
5%
Panama
2%
Nie znaleziono quizów pasujących do podanych kryteriów
Rozkład punktacji
Procent ludzi z każdym wynikiem
Percentyl według liczby udzielonych odpowiedzi
Twoja historia wyników
Nie rozwiązałeś tego quizu